| 000 | 00547nam a2200193 a 4500 | ||
|---|---|---|---|
| 001 | 3998 | ||
| 005 | 20140414131925.0 | ||
| 008 | 040601s19uu xx 00 eng d | ||
| 020 | _a0-553-15576-8 | ||
| 050 |
_aER _bW66 1987 |
||
| 245 |
_aWilloughby Wallaby / _cillustrated by Vickie M. Learner. |
||
| 260 |
_aNew York : _bBantam Books, _c1987. |
||
| 300 | _a1 v. (unp.) : ill. ; cm. | ||
| 440 | _aBantam Sing-A-Story | ||
| 520 | _aBased on a favourite children's rhyme. | ||
| 650 | _aChildren's song. | ||
| 650 | _aRhyme. | ||
| 999 |
_c111955 _d111955 |
||